Statystyki dla Polscy Laureaci Nagrody Nobla na Zdjęciach

Kliknij tutaj aby rozwiązać quiz!

Ogólne statystyki

  • Ten quiz został rozwiązany 955 razy
    (555 od ostatniego zresetowania)
  • Średni wynik to 6 z 7

Statystyki odpowiedzi

Odpowiedź% Poprawnych
Maria Skłodowska-Curie
98%
Lech Wałęsa
95%
Wisława Szymborska
89%
Olga Tokarczuk
83%
Czesław Miłosz
75%
Henryk Sienkiewicz
74%
Władysław Reymont
74%

Rozkład punktacji

Percentyl według liczby udzielonych odpowiedzi

Procent ludzi z każdym wynikiem

Twoja historia wyników

Nie rozwiązałeś tego quizu od ostatniego zresetowania